Statistics for Royal House of China 中國歷代帝皇姓氏

Click here to take the quiz!

General Stats

  • This quiz has been taken 382 times
    (317 since last reset)
  • The average score is 19 of 27

Answer Stats

YearDynastyRoyal House% Correct
618-907TangLi 李
95%
923-9365 Dynasties: Later TangLi 李
95%
420-479Southern Dynasties: SongLiu 劉
91%
206 BC-9 AD, 25-220 ADHanLiu 劉
91%
221-263Three Kingdoms: Shu HanLiu 劉
91%
947-9515 Dynasties: Later HanLiu 劉
91%
1368-1644MingZhu 朱
86%
907-9235 Dynasties: Later LiangZhu 朱
86%
220-265Three Kingdoms: WeiCao 曹
85%
Sep-23XinWang 王
82%
229-280Three Kingdoms: WuSun 孫
81%
960-1279SongZhao 趙
79%
557-589Southern Dynasties: ChenChen 陳
78%
1644-1912QingAisin Gioro 愛新覺羅
77%
1046-256 BCZhouJi 姬
77%
265-420JinSima 司馬
76%
221-206 BCQinYing 嬴
76%
581-618SuiYang 楊
71%
386-534Northern Dynasties: Northern WeiTuoba/Yuan 拓拔/元
53%
936-9475 Dynasties: Later JinShi 石
39%
535-557Northern Dynasties: Western WeiYuan 元
39%
534-550Northern Dynasties: Eastern WeiYuan 元
39%
479-502Southern Dynasties: QiXiao 蕭
38%
502-557Southern Dynasties: LiangXiao 蕭
38%
550-577Northern Dynasties: Northern QiGao 高
36%
951-9605 Dynasties: Later ZhouGuo/Chai 郭/柴
35%
557-581Northern Dynasties: Northern ZhouYuwen 宇文
32%

Score Distribution

Percentile by Number Answered

Percent of People with Each Score

Your Score History

You have not taken this quiz since the last reset